书目信息 |
| 题名: |
二维设计基础
|
|
| 作者: | 胡晶 , 王海文 , 宋盈滨 主编 | |
| 分册: | ||
| 出版信息: | 武汉 华中科技大学出版社 2020.06 |
|
| 页数: | 124页 | |
| 开本: | 29cm | |
| 丛书名: | ||
| 单 册: | ||
| 中图分类: | J06 | |
| 科图分类: | ||
| 主题词: | 二维--er wei--艺术--设计--高等学校--教材 | |
| 电子资源: | ||
| ISBN: | 978-7-5680-6223-7 | |
| 000 | 00947nam0 2200265 450 | |
| 001 | 2038423247 | |
| 005 | 20201106104030.30 | |
| 010 | @a978-7-5680-6223-7@dCNY59.00 | |
| 100 | @a20200710d2020 em y0chiy50 ea | |
| 101 | 0 | @achi |
| 102 | @aCN@b420000 | |
| 105 | @aa a 000yy | |
| 200 | 1 | @a二维设计基础@Aer wei she ji ji chu@f主编胡晶, 王海文, 宋盈滨 |
| 210 | @a武汉@c华中科技大学出版社@d2020.06 | |
| 215 | @a124页@c彩图@d29cm | |
| 320 | @a有书目 (第124页) | |
| 330 | @a本书分三章, 总述、二维平面设计的基本元素、二维色彩设计。内容包括: 二维设计概述 ; 二维设计的概念 ; 基本元素 —— 点 ; 基本元素 —— 线 ; 基本元素 —— 面等。 | |
| 333 | @a高等院校艺术学门类“十四五”规划教材 | |
| 606 | 0 | @a二维@Aer wei@x艺术@x设计@x高等学校@j教材 |
| 690 | @aJ06@v5 | |
| 701 | 0 | @a胡晶@Ahu jing@4主编 |
| 701 | 0 | @a王海文@Awang hai wen@4主编 |
| 701 | 0 | @a宋盈滨@Asong ying bin@4主编 |
| 801 | 0 | @aCN@b人天书店@c20201001 |
| 905 | @aZUCC@dJ06@eH472 | |
| 二维设计基础/主编胡晶, 王海文, 宋盈滨.-武汉:华中科技大学出版社,2020.06 |
| 124页:彩图;29cm |
| 使用对象:高等院校艺术学门类“十四五”规划教材 |
| ISBN 978-7-5680-6223-7:CNY59.00 |
| 本书分三章, 总述、二维平面设计的基本元素、二维色彩设计。内容包括: 二维设计概述 ; 二维设计的概念 ; 基本元素 —— 点 ; 基本元素 —— 线 ; 基本元素 —— 面等。 |
| ● |
| 相关链接 |
|
|
|
正题名:二维设计基础
索取号:J06/H472
 
预约/预借
| 序号 | 登录号 | 条形码 | 馆藏地/架位号 | 状态 | 备注 |
| 1 | 1481667 | 214816671 | 社科库309/309社科库 62排3列1层/ [索取号:J06/H472] | 在馆 | |
| 2 | 1481668 | 214816680 | 社科库309/309社科库 62排3列1层/ [索取号:J06/H472] | 在馆 |